The world of Southeast Asia : Selected historical readings

This book introduce about early travelers, indigenous accounts, the western presence, the southeast Asian reponse to the West, the Era of decolonization...

Gespeichert in:
Bibliographische Detailangaben
1. Verfasser: Benda, Harry J.
Format: Buch
Sprache:Undetermined
Veröffentlicht: New York Harper & Row 1967
Schlagworte:
Tags: Tag hinzufügen
Keine Tags, Fügen Sie den ersten Tag hinzu!
Thư viện lưu trữ: Trung tâm Học liệu Trường Đại học Cần Thơ
LEADER 00751nam a2200217Ia 4500
001 CTU_227607
008 210402s9999 xx 000 0 und d
082 |a 959 
082 |b B458 
100 |a Benda, Harry J. 
245 4 |a The world of Southeast Asia : 
245 0 |b Selected historical readings 
245 0 |c Harry J. Benda, John A. Larkin 
260 |a New York 
260 |b Harper & Row 
260 |c 1967 
520 |a This book introduce about early travelers, indigenous accounts, the western presence, the southeast Asian reponse to the West, the Era of decolonization... 
650 |a Đông Nam Á,Southeast Asia 
650 |x Lịch sử,History 
910 |b dqhieu 
980 |a Trung tâm Học liệu Trường Đại học Cần Thơ